02092cam a22005174i 4500003000900000005001700009008004100026020001500067020001800082035002000100040003300120082001700153100003500170245015100205264003100356300005500387336002100442337002500463338002300488504004000511505074700551526001001298526001001308526001001318526001001328526001001338526000901348526000901357526000901366526000901375526000901384526000901393526000901402526000901411526000901420526000901429526000801438526000801446526000801454526000801462526000801470526000801478541001801486650001701504700005301521PE-LiUPU20250731170426.0190306s2014 ag a rb 000 0 spa d a9875914576 a9789875914575 a(Sirsi) a251899 aPE-LiUPUbspacPE-LiUPUerda04a150bN112201 aNahoul Serio, Vanessa,eautor.10aTécnica de la entrevista con adolescentes :bintegrando modelos psicológicos /cVanessa Nahoul Serio y José de Jesús González Núñez. 1aCórdoba:bBrujas,c2014. a201 páginas :bilustraciones ;c24 centímetros atext2rdacontent aunmediated2rdamedia avolume2rdacarrier aBibliografía : páginas 195-199.0 aLa adolescencia -- la referencia del adolescente a la primera entrevista psicoterapéutica -- preparativos para la entrevista con adolescente -- la primera entrevistas psicológica -- el encuadre y el contrato en la entrevista con adolescentes -- la estructura de la entrevista -- la entrevista clínica de diagnóstico con adolescentes -- técnicas no verbales para entrevistar adolescentes -- técnicas no directivas en la entrevista -- Técnicas directivas en la entrevista -- modelo de entrevista con base en la identificación -- el acompañamiento como técnica para entrevistar al adolescente -- la ética en la entrevista psicológica con adolescentes -- la comunicación subjetiva entrevistador-adolescente entrevistado. aSEG68 aSEG70 aSEG69 aSEG67 aSEG43 aP144 aP143 aP131 aP122 aP120 aP117 aP112 aP110 aP106 aP101 aP80 aP59 aP54 aP35 aP33 aP30 g002-00000791;04aPsicología1 aGonzález Núñez, José de Jesús,eautor.